[Event "4NCL 2012-13"]
[Site "Staverton ENG"]
[Date "2013.01.13"]
[Round "4.128"]
[White "Steil-Antoni, Fiona"]
[Black "Norinkeviciute, Rasa"]
[Result "1-0"]
[WhiteTitle "WIM"]
[BlackTitle "WFM"]
[WhiteElo "2169"]
[BlackElo "2010"]
[WhiteTeam "Cheddleton"]
[BlackTeam "e2e4.org.uk"]
[WhiteFideId "4001249"]
[BlackFideId "12801925"]
[EventDate "2012.11.03"]

1. e4 c5 2. Nf3 d6 3. c3 Nf6 4. Bd3 g6 5. Bc2 Qc7 6. O-O Bg7 7. h3 O-O 8. Re1
Nbd7 9. d4 e5 10. Be3 Re8 11. dxe5 Nxe5 12. Nxe5 dxe5 13. c4 Be6 14. b3 Rad8 15.
Qe2 Nh5 16. Nc3 Nf4 17. Qf1 b6 18. Rad1 Qc8 19. Nd5 Qb8 20. Rd2 Rc8 21. Red1 Kh8
22. Bb1 Kg8 23. Nc3 a6 24. Nd5 h6 25. Qe1 Kh7 26. f3 g5 27. h4 f6 28. hxg5 hxg5
29. Qg3 Kg8 30. Bxf4 exf4 31. Qh2 Bf7 32. Kf2 Bg6 33. Qh3 Kf7 34. Qd7+ Kf8 35.
e5 Rcd8 36. Qc6 Bxb1 37. exf6 Bh8 38. Nc7 Bf5 39. Rd5 Rxd5 40. Rxd5 Kf7 41. Rxf5
Re3 42. Qd5+ Kf8 43. Rxg5 1-0

[Event "4NCL 2012-13"]
[Site "Staverton ENG"]
[Date "2013.01.13"]
[Round "4.132"]
[White "Mah, Karl C C"]
[Black "Hansen, Hans-Peter"]
[Result "0-1"]
[WhiteTitle "IM"]
[WhiteElo "2415"]
[BlackElo "2207"]
[WhiteTeam "Cambridge University"]
[BlackTeam "BCM"]
[WhiteFideId "404381"]
[BlackFideId "1503502"]
[EventDate "2012.11.03"]

1. c4 c5 2. g3 g6 3. Bg2 Bg7 4. Nc3 Nc6 5. a3 d6 6. Rb1 a5 7. e3 e5 8. Nge2 Nge7
9. d3 Rb8 10. Nd5 Bd7 11. Nec3 O-O 12. O-O Nxd5 13. cxd5 Ne7 14. b4 axb4 15.
axb4 b6 16. Qb3 Qc7 17. Ba3 f5 18. Ne2 Kh8 19. f4 Bb5 20. fxe5 dxe5 21. Rfc1 Bh6
22. Kf2 f4 23. gxf4 exf4 24. Bb2+ Bg7 25. Bxg7+ Kxg7 26. Qc3+ Kh6 27. exf4 Qd7
28. bxc5 bxc5 29. Qe5 Nf5 30. Be4 Rbe8 31. Qb2 Nd6 32. Ng3 Qg4 33. Rxc5 Nxe4+
34. dxe4 Qxf4+ 35. Kg2 Qf3+ 36. Kg1 Qe3+ 37. Kh1 Qxc5 38. Qxb5 Qe3 39. Qc6 Rxe4 0-1

[Event "4NCL 2012-13"]
[Site "Staverton ENG"]
[Date "2013.01.13"]
[Round "4.133"]
[White "Coates, Kenneth G"]
[Black "Bisby, Daniel L"]
[Result "0-1"]
[BlackTitle "FM"]
[WhiteElo "2184"]
[BlackElo "2288"]
[WhiteTeam "BCM"]
[BlackTeam "Cambridge University"]
[WhiteFideId "409391"]
[BlackFideId "404586"]
[EventDate "2012.11.03"]

1. d4 Nf6 2. Nf3 g6 3. Nc3 d5 4. Bf4 Bg7 5. Qd2 O-O 6. Bh6 Nc6 7. Bxg7 Kxg7 8.
e3 a6 9. Be2 Qd6 10. a4 Bg4 11. Rd1 Rad8 12. O-O Rfe8 13. Rfe1 h6 14. h3 Bc8 15.
Bd3 e5 16. dxe5 Nxe5 17. Be2 Nc6 18. Bd3 Qb4 19. Qc1 Ne5 20. Be2 c5 21. Nxe5
Rxe5 22. Bf3 Qh4 23. b3 Bxh3 24. Qb2 d4 25. exd4 Rg5 26. Ne4 Bxg2 27. Bxg2 Nxe4
28. c4 Kh7 29. dxc5 Rxd1 30. Rxd1 Rxg2+ 0-1

[Event "4NCL 2012-13"]
[Site "Staverton ENG"]
[Date "2013.01.13"]
[Round "4.134"]
[White "Eckersley-Waites, Adam"]
[Black "Farrand, Tom"]
[Result "1-0"]
[WhiteElo "2266"]
[BlackElo "2200"]
[WhiteTeam "Cambridge University"]
[BlackTeam "BCM"]
[WhiteFideId "411698"]
[BlackFideId "406457"]
[EventDate "2012.11.03"]

1. e4 c5 2. Nf3 e6 3. d4 cxd4 4. Nxd4 Nf6 5. Nc3 Nc6 6. Ndb5 d6 7. Bf4 e5 8. Bg5
a6 9. Na3 b5 10. Bxf6 gxf6 11. Nd5 f5 12. exf5 Bxf5 13. c3 Bg7 14. Nc2 O-O 15.
Nce3 Be6 16. Bd3 f5 17. O-O Ra7 18. a4 Ne7 19. Nxe7+ Rxe7 20. axb5 axb5 21. Bxb5
d5 22. Ra6 Kh8 23. Qa4 f4 24. Nc2 Bf5 25. Bc6 Bd3 26. Ra8 Qd6 27. Rc1 Rf7 28.
Nb4 Be4 29. Rxf8+ Bxf8 30. Bxd5 Bxd5 31. Rd1 Qg6 32. Nxd5 Rg7 33. g3 fxg3 34.
hxg3 Bc5 35. Qh4 Rf7 36. Ne3 Bxe3 37. fxe3 Kg7 38. g4 h6 39. Re1 Qe4 40. Qh1 Qd3
41. Qh2 e4 42. Qe5+ Kh7 43. Qd4 Qc2 44. Rf1 Rxf1+ 45. Kxf1 Qc1+ 46. Kf2 Qxb2+
47. Kg3 Qb8+ 48. Kh3 Qb1 49. Qd7+ Kg8 50. Qe6+ Kg7 51. Qe5+ Kg8 52. Kg3 Qh1 53.
Qe6+ Kg7 54. Qd7+ Kg8 55. Qf5 Kg7 56. Qe5+ Kg8 57. Qe6+ Kg7 58. Qf5 Kg8 59. c4
Qg1+ 60. Kf4 Qf1+ 61. Ke5 Qxc4 62. Qe6+ Qxe6+ 63. Kxe6 Kg7 64. Kf5 Kf7 65. Kxe4
Kg6 66. Kd5 1-0

[Event "4NCL 2012-13"]
[Site "Staverton ENG"]
[Date "2013.01.13"]
[Round "4.135"]
[White "Tavares, Shawn P"]
[Black "Karayiannis, Costas"]
[Result "1-0"]
[WhiteElo "2168"]
[BlackElo "2170"]
[WhiteTeam "BCM"]
[BlackTeam "Cambridge University"]
[WhiteFideId "7700016"]
[BlackFideId "405183"]
[EventDate "2012.11.03"]

1. d4 Nf6 2. c4 g6 3. Nc3 Bg7 4. e4 d6 5. f3 O-O 6. Bg5 c5 7. d5 a6 8. Qd2 Qa5
9. Rc1 b5 10. b3 Nbd7 11. Nh3 Rb8 12. Nf2 bxc4 13. Bxc4 Nb6 14. Be2 Bd7 15. O-O
Qb4 16. Bxa6 Ra8 17. Be2 Rfc8 18. Nd3 Qa5 19. Nb2 Rcb8 20. Nc4 Nxc4 21. Bxc4 Bc8
22. a4 Ba6 23. Nb5 Bxb5 24. Qxa5 Rxa5 25. Bxb5 Ra7 26. Rfd1 Ne8 27. Bc4 Kf8 28.
Kf1 Nc7 29. Bd2 Be5 30. f4 Bd4 31. Ke2 f5 32. exf5 gxf5 33. Bc3 e5 34. fxe5 dxe5
35. Rf1 f4 36. Bxd4 cxd4 37. g3 Ne8 38. Kd3 Rf7 39. gxf4 exf4 40. Kxd4 Nd6 41.
Rf3 Re8 42. Bd3 Rb8 43. Rc6 Nb7 44. Rb6 Rd8 45. b4 1-0

[Event "4NCL 2012-13"]
[Site "Staverton ENG"]
[Date "2013.01.13"]
[Round "4.136"]
[White "Spencer, Carl J"]
[Black "Richardson, Keith B"]
[Result "1-0"]
[WhiteElo "2205"]
[BlackElo "2115"]
[WhiteTeam "Cambridge University"]
[BlackTeam "BCM"]
[WhiteFideId "412171"]
[BlackFideId "410152"]
[EventDate "2012.11.03"]

1. e4 g6 2. d4 Bg7 3. Nc3 d6 4. f4 Nc6 5. Be3 Nf6 6. Nf3 O-O 7. e5 Ng4 8. Bg1
dxe5 9. dxe5 Nh6 10. h3 Be6 11. Ng5 Qxd1+ 12. Rxd1 Rad8 13. Rxd8 Rxd8 14. Nxe6
fxe6 15. Bc4 Nf5 16. Bxe6+ Kf8 17. Bxf5 gxf5 18. g4 Nd4 19. Bxd4 Rxd4 20. Ne2
Ra4 21. a3 e6 22. Kf2 Ke7 23. Kf3 c5 24. gxf5 exf5 25. Rg1 Bh6 26. Rg8 Kf7 27.
Rc8 b6 28. Rc7+ Kg6 29. Rc6+ Kg7 30. e6 Re4 31. e7 Rxe7 32. Ng3 1-0

[Event "4NCL 2012-13"]
[Site "Staverton ENG"]
[Date "2013.01.13"]
[Round "4.137"]
[White "Yurenok, Maria S"]
[Black "McClement, Andrew"]
[Result "1/2-1/2"]
[WhiteTitle "WFM"]
[WhiteElo "2041"]
[BlackElo "2128"]
[WhiteTeam "BCM"]
[BlackTeam "Cambridge University"]
[WhiteFideId "409359"]
[BlackFideId "2400480"]
[EventDate "2012.11.03"]

1. Nf3 Nf6 2. g3 b6 3. Bg2 Bb7 4. O-O e6 5. b3 Be7 6. Bb2 O-O 7. c4 c5 8. d3 d5
9. e3 Nbd7 10. Qe2 a6 11. Nc3 Qc7 12. Rac1 Bc6 13. Rfd1 Qb7 14. cxd5 Nxd5 15.
Nxd5 Bxd5 16. Ne1 Bxg2 17. Nxg2 Rac8 18. e4 Bf6 19. e5 Be7 20. d4 cxd4 21. Bxd4
Ba3 22. Bb2 Bxb2 23. Qxb2 Rxc1 24. Rxc1 Qd5 25. Re1 Rc8 26. Nf4 Qb5 27. Qe2 Qxe2
28. Rxe2 Rc1+ 29. Kg2 Kf8 30. Nd3 Rd1 31. Nb4 a5 32. Nc2 Ke7 33. f4 Rb1 34. Na3
Rc1 35. Rc2 Rxc2+ 1/2-1/2

[Event "4NCL 2012-13"]
[Site "Staverton ENG"]
[Date "2013.01.13"]
[Round "4.138"]
[White "Chevannes, Sabrina L"]
[Black "Claridge-Hansen, William"]
[Result "1-0"]
[WhiteTitle "WFM"]
[WhiteElo "2083"]
[BlackElo "1803"]
[WhiteTeam "Cambridge University"]
[BlackTeam "BCM"]
[WhiteFideId "411280"]
[BlackFideId "422509"]
[EventDate "2012.11.03"]

1. d4 Nf6 2. Nf3 c5 3. d5 b5 4. Bg5 Qa5+ 5. c3 Ne4 6. Bf4 d6 7. Nbd2 Nxd2 8.
Nxd2 g6 9. e4 Bg7 10. Bd3 Nd7 11. O-O O-O 12. Bg5 Re8 13. Be2 Rb8 14. Qc2 Ba6
15. a3 Qb6 16. Nf3 h6 17. Be3 Qb7 18. Rfd1 Rec8 19. h3 Kh7 20. Qd2 Nb6 21. b3
Na8 22. Rab1 Qc7 23. a4 Qa5 24. b4 cxb4 25. cxb4 Qxa4 26. Nd4 Bxd4 27. Qxd4 Qc2
28. Bd3 Qc3 29. Qxa7 Bb7 30. Bxb5 Qh8 31. Qa2 Rc7 32. Qd2 Rbc8 33. Bxh6 Rc2 34.
Qf4 Kg8 35. Rdc1 Rxc1+ 36. Rxc1 Qd4 37. Rxc8+ Bxc8 38. Be8 Qf6 39. Qxf6 exf6 40.
Bf4 f5 41. exf5 Bxf5 42. Bxd6 Nb6 43. Bc6 Be4 44. Bc5 Bxd5 45. Bxd5 1-0

[Event "4NCL 2012-13"]
[Site "Staverton ENG"]
[Date "2013.01.13"]
[Round "4.141"]
[White "Gao, Rui"]
[Black "Rendle, Thomas E"]
[Result "1/2-1/2"]
[WhiteTitle "IM"]
[BlackTitle "IM"]
[WhiteElo "2450"]
[BlackElo "2381"]
[WhiteTeam "Guildford"]
[BlackTeam "Sambuca Sharks & Sons of Anarchy"]
[WhiteFideId "8602387"]
[BlackFideId "408760"]
[EventDate "2012.11.03"]

1. d4 e6 2. Nf3 Nf6 3. c4 Bb4+ 4. Nc3 O-O 5. Qc2 c5 6. dxc5 Na6 7. a3 Bxc3+ 8.
Qxc3 Nxc5 9. g3 a5 10. Bg2 a4 11. O-O d6 12. Be3 Bd7 13. Bxc5 dxc5 14. Ne5 Qc7
15. g4 Be8 16. g5 Nd7 17. Ng4 Qf4 18. h3 Qxg5 19. f4 Qh4 20. Rad1 h5 21. Ne3 Nf6
22. Rd3 Nh7 23. Bxb7 Rb8 24. Bg2 Qf6 25. Qxf6 Nxf6 26. Nd1 Bd7 27. e4 1/2-1/2

[Event "4NCL 2012-13"]
[Site "Staverton ENG"]
[Date "2013.01.13"]
[Round "4.142"]
[White "Roberson, Peter T"]
[Black "Zhou, Yang-Fan"]
[Result "1/2-1/2"]
[WhiteTitle "FM"]
[BlackTitle "IM"]
[WhiteElo "2357"]
[BlackElo "2418"]
[WhiteTeam "Sambuca Sharks & Sons of Anarchy"]
[BlackTeam "Guildford"]
[WhiteFideId "412384"]
[BlackFideId "468584"]
[EventDate "2012.11.03"]

1. e4 c5 2. c3 Nf6 3. e5 Nd5 4. Nf3 Nc6 5. d4 cxd4 6. cxd4 d6 7. Bc4 Nb6 8. Bb5
Bd7 9. Nc3 dxe5 10. dxe5 g6 11. O-O Bg7 12. Qe2 O-O 13. Rd1 Qc7 14. a4 Be6 15.
a5 Nd7 16. a6 bxa6 17. Rxa6 Nb6 18. Bf4 Rfd8 19. Rc1 Nd4 20. Nxd4 Rxd4 21. Be3
Rdd8 22. Nd5 Qxe5 23. Nxe7+ Kh8 24. Nc6 Qxb2 25. Nxd8 Rxd8 26. Qxb2 Bxb2 27. Rb1
Bf5 28. Rf1 Rd5 29. Be2 Rd7 30. Rd1 Rc7 31. h3 Kg7 32. Bxb6 axb6 33. Rxb6 Be5
34. Bf3 Be6 35. Rb7 Rc5 36. Bg4 Bd5 37. Re7 Bb3 38. Rb1 h5 39. Bf3 Be6 40. Re1
Kf6 41. Ra7 Rc2 42. Be4 Rd2 43. Ra3 Bd4 44. Rf3+ Kg7 1/2-1/2

[Event "4NCL 2012-13"]
[Site "Staverton ENG"]
[Date "2013.01.13"]
[Round "4.143"]
[White "Cherniaev, Alexander"]
[Black "Sreeves, Clement"]
[Result "1-0"]
[WhiteTitle "GM"]
[WhiteElo "2460"]
[BlackElo "2223"]
[WhiteTeam "Guildford"]
[BlackTeam "Sambuca Sharks & Sons of Anarchy"]
[WhiteFideId "4117301"]
[BlackFideId "2402564"]
[EventDate "2012.11.03"]

1. d4 Nf6 2. c4 g6 3. Nf3 Bg7 4. g3 O-O 5. Bg2 d6 6. O-O Nc6 7. d5 Na5 8. Nfd2
c6 9. Na3 c5 10. Rb1 a6 11. b3 Rb8 12. Bb2 b5 13. e4 e5 14. cxb5 axb5 15. b4
cxb4 16. Nc2 Nd7 17. Nxb4 Nc5 18. Nb3 Bd7 19. Nxa5 Qxa5 20. Bc1 Rfc8 21. Bd2 Qa4
22. Qe2 Na6 23. Rb3 Rc4 24. Nxa6 Qxa6 25. Qxc4 bxc4 26. Rxb8+ Bf8 27. Bh6 Bc8
28. Bxf8 Kxf8 29. Bh3 f5 30. exf5 Ke7 31. f6+ 1-0

[Event "4NCL 2012-13"]
[Site "Staverton ENG"]
[Date "2013.01.13"]
[Round "4.144"]
[White "Murphy, Hugh W"]
[Black "Wall, Gavin"]
[Result "1/2-1/2"]
[BlackTitle "IM"]
[WhiteElo "2152"]
[BlackElo "2340"]
[WhiteTeam "Sambuca Sharks & Sons of Anarchy"]
[BlackTeam "Guildford"]
[WhiteFideId "422444"]
[BlackFideId "2501244"]
[EventDate "2012.11.03"]

1. e4 e5 2. Nc3 Nc6 3. Nf3 Nf6 4. d4 exd4 5. Nxd4 Bb4 6. Nxc6 bxc6 7. Bd3 d5 8.
exd5 cxd5 9. O-O O-O 10. Bg5 c6 11. Qf3 Rb8 12. Ne2 Be7 13. Nd4 Qb6 14. Nf5 Bxf5
15. Qxf5 g6 16. Qe5 Qd8 17. b3 Re8 18. Qd4 c5 1/2-1/2

[Event "4NCL 2012-13"]
[Site "Staverton ENG"]
[Date "2013.01.13"]
[Round "4.145"]
[White "Osborne, Marcus E"]
[Black "Edwards, Jonathan"]
[Result "1-0"]
[WhiteElo "2280"]
[BlackElo "2076"]
[WhiteTeam "Guildford"]
[BlackTeam "Sambuca Sharks & Sons of Anarchy"]
[WhiteFideId "404608"]
[BlackFideId "2402912"]
[EventDate "2012.11.03"]

1. d4 Nf6 2. c4 g6 3. Nc3 Bg7 4. e4 d6 5. f3 O-O 6. Be3 e5 7. d5 Nh5 8. Qd2 f5
9. O-O-O Nd7 10. exf5 gxf5 11. Nh3 Ndf6 12. Bd3 Kh8 13. Bh6 f4 14. Bxg7+ Nxg7
15. g4 Nxg4 16. fxg4 Bxg4 17. Qg2 Bxd1 18. Rxd1 Qf6 19. Ne4 Qh6 20. Neg5 Nf5 21.
Rg1 f3 22. Qxf3 Nd4 23. Qe3 Qh5 24. Qe4 Rg8 25. Qh4 1-0

[Event "4NCL 2012-13"]
[Site "Staverton ENG"]
[Date "2013.01.13"]
[Round "4.146"]
[White "Purton, Ben J"]
[Black "Povah, Nigel E"]
[Result "1/2-1/2"]
[BlackTitle "IM"]
[WhiteElo "2136"]
[BlackElo "2302"]
[WhiteTeam "Sambuca Sharks & Sons of Anarchy"]
[BlackTeam "Guildford"]
[WhiteFideId "411132"]
[BlackFideId "400467"]
[EventDate "2012.11.03"]

1. e4 c5 2. Nf3 e6 3. c4 b6 4. Nc3 Bb7 5. g3 Nf6 6. Qe2 d6 7. d4 cxd4 8. Nxd4
Nbd7 9. Bg2 a6 10. O-O Qc7 11. Bd2 Be7 12. Rac1 O-O 13. b3 Rfe8 14. g4 g6 15. g5
Nh5 16. h4 Bf8 17. Qg4 Rad8 18. Nde2 Bg7 19. Qh3 Bh8 20. f4 Qc5+ 21. Be3 Qc8 22.
Bf3 Qa8 23. Qg2 Nc5 24. Rcd1 a5 25. Bxc5 dxc5 26. Nb5 Rxd1 27. Rxd1 Rd8 28. Rd6
Bc6 29. Nc7 Qc8 30. Rxc6 Rd7 31. e5 Rxc7 32. Rxc7 Qxc7 33. Bxh5 gxh5 34. Qa8+
Kg7 35. Ng3 Qd7 36. Nxh5+ Kg6 37. Qf3 Qd2 38. Ng3 Kg7 39. h5 h6 40. g6 fxg6 41.
Qb7+ Kg8 42. Qc8+ Kg7 43. Qxe6 Qxf4 44. Qxg6+ Kf8 45. e6 Be5 46. Ne2 Qe3+ 47.
Kf1 Qf3+ 48. Ke1 Bc3+ 49. Nxc3 Qxc3+ 50. Ke2 Qe5+ 51. Kf3 Qc3+ 52. Kf4 Qd2+ 53.
Kf5 Qd3+ 54. Kf4 Qd2+ 55. Kg3 Qe3+ 56. Kh4 Qf4+ 57. Qg4 Qh2+ 58. Qh3 1/2-1/2

[Event "4NCL 2012-13"]
[Site "Staverton ENG"]
[Date "2013.01.13"]
[Round "4.147"]
[White "Granat, Russell G"]
[Black "Cairns, Stephen"]
[Result "1-0"]
[WhiteElo "2218"]
[BlackElo "2051"]
[WhiteTeam "Guildford"]
[BlackTeam "Sambuca Sharks & Sons of Anarchy"]
[WhiteFideId "401714"]
[BlackFideId "420190"]
[EventDate "2012.11.03"]

1. e4 c5 2. Nf3 Nc6 3. Bb5 g6 4. O-O Bg7 5. c3 Nf6 6. Qe2 O-O 7. d4 d5 8. e5 Ne4
9. Nbd2 Nxd2 10. Bxd2 cxd4 11. cxd4 Qb6 12. Bc3 Bd7 13. a4 a6 14. Bxc6 Qxc6 15.
Bb4 Qe6 16. Qd3 Rfe8 17. h3 f6 18. Rfe1 Rac8 19. Qa3 Qf7 20. Qb3 Bf5 21. e6 Bxe6
22. Bc5 Bf5 23. Qxb7 Rb8 24. Qxa6 Rxb2 25. Nh4 Bc8 26. Qd3 e5 27. Qc3 Rb8 28.
Bd6 Ra8 29. dxe5 Bd7 30. a5 fxe5 31. Bxe5 Rxe5 32. Rxe5 Re8 33. Nf3 Bxe5 34.
Nxe5 Qf6 35. Re1 Bb5 36. Qe3 Qd6 37. f4 g5 38. fxg5 d4 39. Qb3+ Kh8 1-0

[Event "4NCL 2012-13"]
[Site "Staverton ENG"]
[Date "2013.01.13"]
[Round "4.148"]
[White "Kourtseva, Julie"]
[Black "Sarakauskiene, Zivile"]
[Result "0-1"]
[BlackTitle "WIM"]
[WhiteElo "1756"]
[BlackElo "2189"]
[WhiteTeam "Sambuca Sharks & Sons of Anarchy"]
[BlackTeam "Guildford"]
[WhiteFideId "418749"]
[BlackFideId "12800864"]
[EventDate "2012.11.03"]

1. d4 d5 2. Nf3 Nf6 3. e3 e6 4. Bd3 c5 5. c3 Nc6 6. O-O Bd6 7. dxc5 Bxc5 8. Nbd2
O-O 9. e4 e5 10. exd5 Qxd5 11. Qc2 g6 12. Ne4 Nxe4 13. Bxe4 Qe6 14. Bh6 Re8 15.
Rad1 Ne7 16. b4 Bb6 17. Qa4 Nc6 18. Bd5 Qf6 19. Bg5 Qf5 20. Bxc6 bxc6 21. Qxc6
Be6 22. Rfe1 f6 23. Be3 Rec8 24. Qb5 Bxe3 25. Rxe3 Bxa2 26. Rd6 Bc4 27. Qa4 Qb1+
28. Ne1 Kg7 29. Qd7+ Bf7 30. Qe7 f5 31. Qxe5+ Kg8 32. Rd7 Re8 33. Re7 Rxe7 34.
Qxe7 Re8 35. Qxa7 Qxe1+ 0-1

[Event "4NCL 2012-13"]
[Site "Staverton ENG"]
[Date "2013.01.13"]
[Round "4.151"]
[White "Thorfinnsson, Bragi"]
[Black "Short, Nigel D"]
[Result "1/2-1/2"]
[WhiteTitle "IM"]
[BlackTitle "GM"]
[WhiteElo "2484"]
[BlackElo "2692"]
[WhiteTeam "Jutes of Kent"]
[BlackTeam "Guildford"]
[WhiteFideId "2300958"]
[BlackFideId "400025"]
[EventDate "2012.11.03"]

1. d4 e6 2. c4 b6 3. e4 Bb7 4. f3 Nc6 5. Be3 f5 6. e5 d6 7. exd6 Qxd6 8. Nc3
O-O-O 9. Nge2 Nf6 10. Qa4 Qb4 11. Qxb4 Bxb4 12. O-O-O e5 13. Kc2 Bxc3 14. Kxc3
Nxd4 15. Rxd4 exd4+ 16. Nxd4 Rhe8 17. Bf2 g6 18. Bd3 c5 19. Ne2 Rd6 20. Nf4 Nd7
21. h4 Ne5 22. Bc2 Nxc4 23. Kxc4 Rd2 24. Ba4 Re7 25. Bg1 Rxb2 26. Bb3 Re8 27.
Bh2 Re3 28. Rd1 Bxf3 29. gxf3 Rxh2 30. Kb5 Re8 31. Be6+ Kb8 32. Rd7 Rxh4 33. Ka6
Rxf4 34. Rb7+ Ka8 35. Rxa7+ Kb8 36. Rb7+ Ka8 37. Ra7+ 1/2-1/2

[Event "4NCL 2012-13"]
[Site "Staverton ENG"]
[Date "2013.01.13"]
[Round "4.152"]
[White "Jones, Gawain C B"]
[Black "Camus de Solliers, Guillaume"]
[Result "1-0"]
[WhiteTitle "GM"]
[BlackTitle "FM"]
[WhiteElo "2644"]
[BlackElo "2346"]
[WhiteTeam "Guildford"]
[BlackTeam "Jutes of Kent"]
[WhiteFideId "409561"]
[BlackFideId "631256"]
[EventDate "2012.11.03"]

1. e4 e6 2. d4 d5 3. Nd2 h6 4. Ngf3 Nf6 5. e5 Nfd7 6. c3 c5 7. Bd3 Nc6 8. Bc2
Qb6 9. Nb3 cxd4 10. cxd4 a5 11. a4 Nb4 12. Bb1 Qc7 13. O-O Nb6 14. Re1 Bd7 15.
Nc5 Bxc5 16. dxc5 Qxc5 17. Be3 Qc7 18. b3 Rc8 19. Qd4 Na8 20. Qg4 Kf8 21. Bd2
Qb6 22. Nd4 Nc7 23. Re3 Ne8 24. Rf3 f5 25. Nxf5 h5 26. Nxg7+ Kg8 1-0

[Event "4NCL 2012-13"]
[Site "Staverton ENG"]
[Date "2013.01.13"]
[Round "4.153"]
[White "Johannesson, Ingvar Thor"]
[Black "Hebden, Mark L"]
[Result "0-1"]
[WhiteTitle "FM"]
[BlackTitle "GM"]
[WhiteElo "2340"]
[BlackElo "2540"]
[WhiteTeam "Jutes of Kent"]
[BlackTeam "Guildford"]
[WhiteFideId "2301490"]
[BlackFideId "400084"]
[EventDate "2012.11.03"]

1. c4 g6 2. Nc3 Bg7 3. d4 Nf6 4. e4 d6 5. Nf3 O-O 6. Be2 e5 7. O-O Nbd7 8. d5 a5
9. Qc2 Nc5 10. Bg5 h6 11. Be3 b6 12. Nd2 h5 13. f3 Nfd7 14. b3 Bf6 15. Kh1 Bg5
16. Bg1 h4 17. Rab1 Nf6 18. Rfd1 Nh5 19. Bf2 f5 20. Bf1 Bf4 21. a3 Ng3+ 22. Bxg3
hxg3 23. h3 Be3 24. b4 Nd7 25. exf5 gxf5 26. Bd3 axb4 27. axb4 e4 28. fxe4 f4
29. Nf3 Ne5 30. Rf1 Qe7 31. Nxe5 Qxe5 32. Be2 Qh8 33. e5 Bf5 0-1

[Event "4NCL 2012-13"]
[Site "Staverton ENG"]
[Date "2013.01.13"]
[Round "4.154"]
[White "Plaskett, H James"]
[Black "Dickenson, Neil F"]
[Result "1/2-1/2"]
[WhiteTitle "GM"]
[BlackTitle "FM"]
[WhiteElo "2495"]
[BlackElo "2298"]
[WhiteTeam "Guildford"]
[BlackTeam "Jutes of Kent"]
[WhiteFideId "400238"]
[BlackFideId "401897"]
[EventDate "2012.11.03"]

1. e4 e6 2. d4 d5 3. Nd2 Nf6 4. Bd3 c5 5. c3 cxd4 6. cxd4 dxe4 7. Nxe4 Nxe4 8.
Bxe4 Nd7 9. Nf3 Nf6 10. Bd3 Bb4+ 11. Bd2 Bxd2+ 12. Qxd2 O-O 13. O-O b6 14. Ne5 1/2-1/2

[Event "4NCL 2012-13"]
[Site "Staverton ENG"]
[Date "2013.01.13"]
[Round "4.155"]
[White "Stebbings, Anthony J"]
[Black "Stefanova, Antoaneta"]
[Result "0-1"]
[BlackTitle "GM"]
[WhiteElo "2265"]
[BlackElo "2491"]
[WhiteTeam "Jutes of Kent"]
[BlackTeam "Guildford"]
[WhiteFideId "402427"]
[BlackFideId "2902257"]
[EventDate "2012.11.03"]

1. e4 e5 2. Nf3 Nc6 3. Bb5 a6 4. Ba4 Nf6 5. Qe2 Bd6 6. c3 O-O 7. O-O Re8 8. d3
Bf8 9. Bg5 h6 10. Bh4 b5 11. Bb3 d6 12. Nbd2 Na5 13. Bc2 c5 14. a4 Bb7 15. axb5
axb5 16. d4 exd4 17. cxd4 c4 18. Rfe1 Nc6 19. Rxa8 Bxa8 20. h3 g5 21. Bg3 Qb6
22. Qe3 Nb4 23. Bb1 Nbd5 24. Qa3 Nc7 25. Qc3 Bg7 26. b3 d5 27. bxc4 bxc4 28.
exd5 Rxe1+ 29. Nxe1 Bxd5 30. Bxc7 Qxc7 31. Ba2 Nd7 32. Nc2 Qf4 33. Bxc4 Bxc4 34.
Nxc4 Qc1+ 35. Kh2 Qf1 36. f3 Qc1 37. N4e3 Bf8 38. Qe1 Qb2 39. Qa1 Qb3 40. Qa8
Nf6 41. Qc8 Nd5 42. Qe8 Nf4 43. Qe4 Qb8 44. Kg1 Qb1+ 45. Kf2 Qc1 46. Kg3 Qg1 47.
Qe5 Nh5+ 48. Kg4 Qf2 49. g3 Nxg3 50. h4 gxh4 51. d5 h5+ 0-1

[Event "4NCL 2012-13"]
[Site "Staverton ENG"]
[Date "2013.01.13"]
[Round "4.156"]
[White "Kosten, Anthony C."]
[Black "Kirk, Ezra"]
[Result "0-1"]
[WhiteTitle "GM"]
[WhiteElo "2479"]
[BlackElo "2258"]
[WhiteTeam "Guildford"]
[BlackTeam "Jutes of Kent"]
[WhiteFideId "400114"]
[BlackFideId "600067"]
[EventDate "2012.11.03"]

1. c4 Nf6 2. Nc3 g6 3. g3 Bg7 4. Bg2 O-O 5. e4 c5 6. Nge2 Nc6 7. d3 Ne8 8. Be3
Nd4 9. Rb1 Nc7 10. b4 d6 11. bxc5 dxc5 12. O-O Rb8 13. h3 b6 14. f4 Bb7 15. a4
Qd7 16. e5 Bxg2 17. Kxg2 Nc6 18. Qd2 Rfd8 19. Rfd1 f6 20. exf6 exf6 21. g4 f5
22. gxf5 Qxf5 23. Ng3 Qd7 24. Nce4 Rf8 25. Rf1 Rbd8 26. Rbd1 Na6 27. Qe2 Nab4
28. Nf2 Ne7 29. a5 Nf5 30. Nxf5 Rxf5 31. axb6 axb6 32. Qf3 Qf7 33. Bc1 g5 34.
Ne4 gxf4 35. Ng3 Qg6 36. Bxf4 Bh6 37. Qe4 Rxf4 38. Rxf4 Bxf4 39. Qxf4 Nxd3 40.
Rxd3 Rxd3 41. Qb8+ Kf7 42. Qc7+ Ke8 43. Qb8+ Rd8 44. Qe5+ Kd7 45. h4 Qc6+ 46.
Ne4 Re8 47. Qf5+ Kd8 48. Kf3 Qxe4+ 49. Qxe4 Rxe4 50. Kxe4 h5 51. Kd3 Kd7 52. Ke3
Kc6 53. Kd3 b5 54. cxb5+ Kxb5 55. Kc3 Kc6 56. Kc4 Kd6 57. Kc3 Ke5 0-1

[Event "4NCL 2012-13"]
[Site "Staverton ENG"]
[Date "2013.01.13"]
[Round "4.157"]
[White "Rice, Chris B"]
[Black "Cuenca Jimenez, Jose Fernando"]
[Result "0-1"]
[BlackTitle "IM"]
[WhiteElo "2032"]
[BlackElo "2490"]
[WhiteTeam "Jutes of Kent"]
[BlackTeam "Guildford"]
[WhiteFideId "404446"]
[BlackFideId "2255570"]
[EventDate "2012.11.03"]

1. c4 Nf6 2. g3 g6 3. Bg2 Bg7 4. Nc3 O-O 5. d3 d6 6. Bg5 h6 7. Bd2 e5 8. Nf3 Re8
9. O-O c6 10. e3 a5 11. h3 Nbd7 12. d4 e4 13. Ne1 Nf8 14. Qc2 Qe7 15. Kh2 h5 16.
Rh1 Bf5 17. Bf1 Ne6 18. h4 Ng4+ 19. Kg2 Nxd4 20. exd4 e3 21. Bd3 Bxd3 22. Qxd3
exd2 23. Qxd2 b5 24. cxb5 cxb5 25. Nf3 b4 26. Na4 Qe2 27. Nb6 Ne3+ 28. Kh3 Qxf3
29. fxe3 Rxe3 0-1